[Event "Odorheiu Secuiesc"]
[Site "Odorheiu Secuiesc"]
[Date "1993.??.??"]
[Round "5"]
[White "Nevednichy, Vladislav"]
[Black "Neverov, Valeriy"]
[Result "1/2-1/2"]
[WhiteElo "2495"]
[BlackElo "2550"]

1.e4 c5 2.Nf3 Nc6 3.Bb5 g6 4.Bxc6 bxc6 5.O-O Bg7 6.Re1 f6 7.c3 Nh6 8.d4 cxd4
9.cxd4 Nf7 10.Nc3 O-O 11.Qa4 Qb6 12.b3 d6 13.Be3 Qa6 14.Qxa6 Bxa6 15.Rac1 Rab8
16.Nd2 f5 17.exf5 gxf5 18.Nf3 Bc8 19.Ne2 Bd7 20.Nf4 Rfe8 21.Bd2 e5 22.dxe5 dxe5
23.Nd3 e4 24.Nc5 exf3 25.Nxd7 Rxe1+ 26.Bxe1 Rd8 27.Nc5 Bh6 28.Rb1 Ng5 29.h4 Ne4
30.Nb7 Rd7 31.gxf3 Rxb7 32.fxe4 fxe4 33.Rd1 Bf4 34.Kf1 Be5 35.Rc1 Bf6 36.h5 Rc7
37.Rc4 Kf7 38.Rxe4 Re7 39.Rc4 Re6 40.Bd2 Bd8 41.Rf4+ Rf6 42.Ke2 Rxf4 43.Bxf4 Ke6
44.Kd3 Kf5 45.Be3 a6 46.Kc4 Be7 47.a4 Kg4 48.h6 Bf8 49.a5 Kf5 50.b4 Be7 51.Bc5 Bh4
52.f4 Ke6 53.Bg1 Bg3 54.Be3  1/2-1/2

[Event "Odorheiu Secuiesc op"]
[Site "Odorheiu Secuiesc"]
[Date "1993.??.??"]
[Round "7"]
[White "Stefanov, Parik"]
[Black "Susterman, Lazar"]
[Result "1-0"]
[WhiteElo "2355"]
[BlackElo "2270"]

1.e4 c5 2.Nf3 Nc6 3.Bb5 d6 4.O-O e5 5.c3 Bg4 6.h3 Bxf3 7.Qxf3 Nf6 8.a4 Be7
9.Na3 O-O 10.Bc4 a6 11.d3 Rb8 12.Bd2 Qd7 13.Rfd1 Na5 14.b3 Nc6 15.Be3 Rbd8
16.d4 cxd4 17.cxd4 exd4 18.Bxd4 Nxd4 19.Rxd4 Qc7 20.Qd1 Qc5 21.Ra2 Qe5 22.Re2 Rfe8
23.Nc2 Bf8 24.Ne3 b5 25.axb5 axb5 26.Bd5 Nxd5 27.Nxd5 Rc8 28.f4 Qe6 29.Qd3 Qd7
30.Kh2 Qc6 31.Rb4 f5 32.Rxb5 fxe4 33.Rxe4 Rxe4 34.Qxe4 Kh8 35.Rb6 Qc1 36.Rb7 Qc6
37.Ra7 Re8 38.Qf5 Qc8 39.Qd3 Re6 40.b4 Qb8 41.Qf5  1-0

[Event "Odorheiu Secuiesc op"]
[Site "Odorheiu Secuiesc"]
[Date "1993.??.??"]
[Round "9"]
[White "Suta, Mihai"]
[Black "Csomos, Roland"]
[Result "1-0"]
[WhiteElo "2235"]
[BlackElo "2345"]

1.e4 c5 2.Nf3 Nc6 3.Bb5 a6 4.Bxc6 dxc6 5.O-O Bg4 6.h3 Bh5 7.d3 Qc7 8.b3 e6
9.Bb2 Nf6 10.Nbd2 Be7 11.g4 Bg6 12.Ne5 Nd7 13.f4 f6 14.Nxg6 hxg6 15.Qf3 O-O-O
16.Kg2 Rh4 17.Rh1 Rdh8 18.Raf1 b5 19.a4 Bd6 20.axb5 cxb5 21.e5 Be7 22.exf6 Bxf6
23.Qa8+ Nb8 24.Bxf6 gxf6 25.Nf3 R4h7 26.Qe4 Qf7 27.g5 Re8 28.Qe3 Nd7 29.gxf6 Qxf6
30.Ne5 Qf5 31.Ra1 Nb8 32.c4 Rc7 33.cxb5 axb5 34.Ra5 Rf8 35.Kg3 g5 36.fxg5 Rd8
37.Re1 Rd5 38.Qf4 Nc6 39.Qxf5 exf5 40.Nxc6 Rxd3+ 41.Kf4 Rxc6 42.Re7 Rc7 43.Rxc7+ Kxc7
44.Rxb5 Kc6 45.Rb8 Kc7 46.Rf8  1-0

[Event "Odorheiu Secuiesc op"]
[Site "Odorheiu Secuiesc"]
[Date "1993.??.??"]
[Round "9"]
[White "Susterman, Lazar"]
[Black "Vlad, Decebal"]
[Result "1/2-1/2"]
[WhiteElo "2270"]
[BlackElo "2405"]

1.e4 c5 2.Nf3 Nc6 3.Bb5 g6 4.O-O Bg7 5.c3 Nf6 6.e5 Nd5 7.d4 cxd4 8.cxd4 O-O
9.Nc3 Nc7 10.Bf4 Nxb5 11.Nxb5 a6 12.Nc3 d6 13.exd6 Bg4 14.h3 Bxf3 15.Qxf3 exd6
16.Qd5 Bxd4  1/2-1/2

[Event "Odorheiu Secuiesc-B"]
[Site "Odorheiu Secuiesc"]
[Date "1993.??.??"]
[Round "11"]
[White "Iordachescu, Viorel"]
[Black "Spulber, Cicerone"]
[Result "1-0"]
[WhiteElo "2375"]
[BlackElo "2365"]

1.e4 c5 2.Nf3 Nc6 3.Bb5 g6 4.Bxc6 bxc6 5.O-O Bg7 6.Re1 e5 7.c3 d6 8.d4 cxd4
9.cxd4 Ne7 10.dxe5 dxe5 11.Qxd8+ Kxd8 12.Be3 f6 13.Nc3 Ke8 14.Na4 Kf7 15.Red1 Re8
16.Rac1 Bf8 17.Nd2 Rd8 18.b3 Bd7 19.Nc4 Nc8 20.Na5 Nd6 21.f3 Be8 22.Nxc6 Bxc6
23.Rxc6 Nb5 24.Rxd8 Rxd8 25.Nc3 Nxc3 26.Rxc3 Rd7 27.Kf2 Bb4 28.Rc6 a5 29.Ke2 h5
30.Ra6 Rd8 31.Ra7+ Ke6 32.Rc7 Rd6 33.Bc1 Rb6 34.Kd3 f5 35.Rc4 Rd6+ 36.Kc2 f4
37.a3 Be1 38.Rc8 g5 39.h3 Rd4 40.Rc6+ Kf7 41.Rc4 Rd8 42.b4 axb4 43.axb4 g4
44.hxg4 hxg4 45.b5 gxf3 46.gxf3 Ba5 47.Rc5 Ke6 48.Rc6+ Kd7 49.Bb2 Bc7 50.Rc5 Bd6
51.Rd5 Rc8+ 52.Kb3 Ke6 53.b6 Rc6 54.Rb5 Rc8 55.b7 Rg8 56.Kc4 Rb8 57.Rb6 Kd7
58.Kd5 Bc7 59.Bxe5  1-0

[Event "Osijek"]
[Site "Osijek"]
[Date "1993.??.??"]
[Round "5"]
[White "Leventic, Ivan"]
[Black "Dizdarevic, Emir"]
[Result "1/2-1/2"]
[WhiteElo "2390"]
[BlackElo "2540"]

1.e4 c5 2.Nf3 Nc6 3.Bb5 e6 4.O-O Nge7 5.b3 Nd4 6.Nxd4 cxd4 7.c3 a6 8.Bd3 d5
9.Ba3 Nc6 10.Bxf8 Kxf8 11.f4 g6 12.Qf3 f5 13.exd5 Qxd5 14.Qxd5 exd5 15.Na3 Bd7
16.Nc2 dxc3 17.dxc3 Rc8 18.Rac1 Ke7 19.Be2 Be6 20.Bf3 Na7 21.Ne3 Nb5 22.Nxd5+ Bxd5
23.Bxd5 Nxc3 24.Rce1+ Kd6 25.Bxb7 Rc7 26.Bxa6 Ra8 27.Bc4 Rxa2 28.Rf2 Rca7
29.Rxa2 Rxa2 30.g3 Ne4 31.Re2 Ra1+ 32.Kg2 Kc5 33.g4 Kd4 34.gxf5 gxf5 35.Be6 Kd3
36.Bc4+ Kd4 37.Be6 Kd3 38.Bc4+ Kd4 39.Be6  1/2-1/2

[Event "Ostend op"]
[Site "Ostend"]
[Date "1993.??.??"]
[Round "3"]
[White "Strubbe, P."]
[Black "Mednis, Edmar John"]
[Result "0-1"]
[WhiteElo "2145"]
[BlackElo "2440"]

1.e4 c5 2.Nf3 Nc6 3.Bb5 g6 4.O-O Bg7 5.c3 Nf6 6.e5 Nd5 7.d4 cxd4 8.cxd4 O-O
9.Nc3 Nc7 10.Bd3 d6 11.Be4 Bg4 12.exd6 Qxd6 13.Be3 Bxf3 14.Qxf3 Nxd4 15.Bxd4 Qxd4
16.Rad1 Qb6 17.Rd7 e6 18.Rfd1 Rab8 19.b3 Ne8 20.Na4 Qb4 21.Rxb7 Rxb7 22.Bxb7 Nd6
23.Ba6 Nf5 24.Bc4 Qa3 25.Qe2 Nd4 26.Qe3 Rd8 27.Nc3 Qb2 28.Rf1 h6 29.Ne4 Qxa2
30.h4 Qb2 31.Nc5 Nf5 32.Qh3 Qd4 33.Nd3 Qxh4 34.Qf3 Qd4 35.Nf4 Qd6 36.Re1 Nd4
37.Qg3 g5 38.Nh5 Qxg3 39.Nxg3 Kf8 40.Ne4 Ke7 41.Kf1 Rc8 42.Ra1 Rc7 43.Ra6 Nc6
44.Ke2 Bd4 45.f3 Bb6 46.Kd2 Ne5 47.Be2 f5 48.Nc3 Rd7+ 49.Kc2 Nc6  0-1

[Event "Ostend op"]
[Site "Ostend"]
[Date "1993.??.??"]
[Round "4"]
[White "Robovic, Saudin"]
[Black "Veerman, Johan"]
[Result "1-0"]
[WhiteElo "2360"]
[BlackElo "2230"]

1.e4 c5 2.Nf3 Nc6 3.Bb5 g6 4.Bxc6 bxc6 5.O-O Bg7 6.Re1 e5 7.b4 cxb4 8.a3 b3
9.cxb3 Ne7 10.Bb2 d6 11.d4 f6 12.Nbd2 O-O 13.Nc4 Be6 14.Qc2 Kh8 15.Rad1 Qb8
16.b4 Rd8 17.Na5 Qb5 18.Bc3 Rac8 19.a4 Qb6 20.Qb2 Bg4 21.Rd3 Rb8 22.Red1 Bxf3
23.gxf3 Qc7 24.dxe5 dxe5 25.Qd2 Rxd3 26.Qxd3 Rc8 27.Qd7 a6 28.Qxc7 Rxc7 29.Rd8+ Ng8
30.Ra8 c5 31.b5 axb5 32.axb5  1-0

[Event "Ostrava"]
[Site "Ostrava"]
[Date "1993.??.??"]
[Round "?"]
[White "Keitlinghaus, Ludger"]
[Black "Michenka, Jozef"]
[Result "1/2-1/2"]
[WhiteElo "2485"]
[BlackElo "2405"]

1.e4 c5 2.Nf3 Nc6 3.Bb5 g6 4.Bxc6 dxc6 5.O-O Bg7 6.Re1 Bg4 7.d3 Nf6 8.Nbd2 O-O
9.h3 Bxf3 10.Nxf3 b6 11.Qe2 Ne8 12.Nh2 Qd4 13.c3 Qd7 14.Be3 Rd8 15.Rad1 Nc7
16.f4 Qe6 17.Nf3 Nb5 18.a3 Qb3 19.e5 Rd7 20.Rd2 Rfd8 21.Red1 h6 22.Kh2 Kh7
23.Bf2 Nc7 24.g4 Qe6 25.d4 c4 26.Nh4 f5 27.gxf5 gxf5 28.Rg1 Qf7 29.Rdd1 e6
30.Qxc4 Nd5 31.Ng2 Rc8 32.Qe2 b5 33.Rd3 Rg8 34.Rg3 Bf8 35.Rxg8 Qxg8 36.Ne3 Rg7
37.Nxd5 exd5 38.Rxg7+ Kxg7 39.Bh4 Qe6 40.a4 a6 41.a5 Kh7 42.Kg2 Bg7 43.Kf1 Kg8
44.Ke1 Kf8 45.Kd1 Ke8 46.Kc2 Bf8 47.Bf6 Qf7 48.h4 Qg6 49.h5 Qg3 50.e6 Bd6
51.Be5 Be7 52.Bc7 Qg7 53.Qe5 Qg2+ 54.Kc1 Bf6 55.Qd6  1/2-1/2

[Event "Oviedo rapid"]
[Site "Oviedo"]
[Date "1993.??.??"]
[Round "3"]
[White "Makarichev, Sergey"]
[Black "Frois, Antonio"]
[Result "1/2-1/2"]
[WhiteElo "2540"]
[BlackElo "2385"]

1.e4 c5 2.Nf3 Nc6 3.Bb5 g6 4.Bxc6 dxc6 5.h3 Bg7 6.d3 e5 7.Be3 Qe7 8.Nc3 Nf6
9.Qd2 O-O 10.Bh6 Nh5 11.Bxg7 Nxg7 12.Ne2 f6 13.O-O Ne6 14.c3 b6 15.Qe3 Ba6
16.a4 Rad8 17.Rfd1 Rd7 18.a5 b5 19.d4 Rfd8 20.Rd2 exd4 21.cxd4 b4 22.Rc1 Bb5
23.d5 cxd5 24.exd5 Rxd5 25.Rxd5 Rxd5 26.Nf4 Rd6 27.Nxe6 Rxe6 28.Qxc5 Qxc5
29.Rxc5 Ba4 30.Rc4 Ra6 31.Rxb4 Rxa5 32.Rb8+ Kg7 33.Rb7+ Kh6  1/2-1/2

[Event "Oviedo rapid"]
[Site "Oviedo"]
[Date "1993.??.??"]
[Round "3"]
[White "Sanz Alonso, Francisco Javier"]
[Black "Moskalenko, Viktor"]
[Result "0-1"]
[WhiteElo "2410"]
[BlackElo "2555"]

1.e4 c5 2.Nf3 Nc6 3.Bb5 e6 4.O-O Nge7 5.b3 Nd4 6.Nxd4 cxd4 7.Bb2 Nc6 8.c3 Bc5
9.Qh5 Bb6 10.Na3 O-O 11.Nc4 d5 12.Nxb6 axb6 13.e5 f6 14.cxd4 Bd7 15.Bd3 f5
16.a4 Be8 17.Qe2 Kh8 18.f4 g5 19.Qe3 Rg8 20.Ba3 Bh5 21.Bd6 gxf4 22.Rxf4 Qg5
23.g3 Rg7 24.Rc1 Rag8 25.b4 Bg4 26.Rxc6 bxc6 27.a5  0-1

[Event "Oviedo rapid"]
[Site "Oviedo"]
[Date "1993.??.??"]
[Round "4"]
[White "Frois, Antonio"]
[Black "Sveshnikov, Evgeny"]
[Result "1/2-1/2"]
[WhiteElo "2385"]
[BlackElo "2570"]

1.e4 c5 2.Nf3 Nc6 3.Bb5 e6 4.O-O Nge7 5.b3 a6 6.Bxc6 Nxc6 7.Bb2 d5 8.exd5 Qxd5
9.c4 Qh5 10.Nc3 Bd7 11.Na4 O-O-O 12.d4 cxd4 13.Nxd4 Qxd1 14.Rfxd1 Nxd4 15.Nb6+ Kc7
16.Bxd4 f6 17.Nxd7 Rxd7 18.Bb6+ Kc6 19.Rxd7 Kxd7 20.Rd1+ Kc6 21.Be3 Be7 22.Kf1 g5
23.f3 h5 24.h3 Rg8 25.Kf2 f5 26.Bd4 Bd6 27.Re1 Rg6 28.Be5 Bc5+ 29.Ke2 g4
30.hxg4 hxg4 31.Rh1 gxf3+ 32.Kxf3 Rg4 33.Bf4 Bd6 34.Bxd6 Kxd6 35.Rh7 b5 36.Ra7 bxc4
37.Rxa6+ Ke5 38.Ra5+ Kf6 39.Ra4 cxb3 40.axb3 Rg8 41.g4 Rb8 42.gxf5 Rxb3+
43.Kf4 e5+ 44.Ke4 Rb6 45.Rc4 Ra6 46.Rb4  1/2-1/2

[Event "Oviedo rapid"]
[Site "Oviedo"]
[Date "1993.??.??"]
[Round "8"]
[White "Frois, Antonio"]
[Black "Ivkov, Borislav"]
[Result "0-1"]
[WhiteElo "2385"]
[BlackElo "2505"]

1.Nf3 c5 2.e4 Nc6 3.Bb5 e6 4.O-O Nge7 5.b3 a6 6.Bxc6 Nxc6 7.Bb2 d6 8.d4 cxd4
9.Nxd4 Bd7 10.c4 Be7 11.Nc3 O-O 12.Qd2 Qb6 13.Nf3 Rfd8 14.Rfd1 Ne5 15.Nd4 Be8
16.Rac1 Rac8 17.Qe2 Bf6 18.Nf3 Qa5 19.Nd4 Qc5 20.Nb1 Qa7 21.Kh1 b5 22.f4 Ng6
23.f5  0-1

[Event "Oviedo rapid"]
[Site "Oviedo"]
[Date "1993.??.??"]
[Round "9"]
[White "Malisauskas, Vidmantas"]
[Black "Rivera, Daniel"]
[Result "1/2-1/2"]
[WhiteElo "2540"]
[BlackElo "2415"]

1.e4 c5 2.Nf3 Nc6 3.Bb5 g6 4.O-O Bg7 5.Re1 Nf6 6.c3 O-O 7.d4 d5 8.exd5 Qxd5
9.c4 Qd6 10.dxc5 Qxd1 11.Rxd1 Ne4 12.Bxc6 bxc6 13.Nbd2 Rd8 14.Re1 Nxc5 15.Ne5 Nd3
16.Nxd3 Rxd3 17.Ne4 Bf5 18.Bg5 Bxe4 19.Rxe4 Bxb2 20.Rb1 e6 21.Kf1 Bg7 22.Rb7 h6
23.Be7 Rd1+ 24.Re1 Rd2 25.a3 Bd4 26.Re2 Rd1+ 27.Re1  1/2-1/2

[Event "Oviedo rapid"]
[Site "Oviedo"]
[Date "1993.??.??"]
[Round "11"]
[White "Zagrebelny, Sergey"]
[Black "Petursson, Margeir"]
[Result "1-0"]
[WhiteElo "2535"]
[BlackElo "2560"]

1.e4 c5 2.Nf3 Nc6 3.Bb5 d6 4.O-O Bd7 5.Re1 Nf6 6.c3 a6 7.Bxc6 Bxc6 8.d4 Bxe4
9.Bg5 Bd5 10.Nbd2 e6 11.Bxf6 Qxf6 12.c4 Bxf3 13.Nxf3 Be7 14.Qa4+ Kf8 15.dxc5 g6
16.cxd6 Bxd6 17.Rad1 Rd8 18.Qb3 Kg7 19.Qxb7 Bc5 20.Qc7 Bb4 21.Rxd8 Rxd8 22.Rf1 Rd3
23.a3 Bd6 24.Qb7 Qf4 25.c5 Bxc5 26.Qxa6 Rb3 27.Qe2 Be7 28.Ra1 Bf6 29.Ra2 Bxb2
30.Qc2 Rc3 31.g3 Rxc2 32.gxf4  1-0

[Event "Oviedo rapid"]
[Site "Oviedo"]
[Date "1993.??.??"]
[Round "13"]
[White "Makarichev, Sergey"]
[Black "Campos, Jose Felix"]
[Result "1/2-1/2"]
[WhiteElo "2540"]
[BlackElo "2255"]

1.e4 c5 2.Nf3 Nc6 3.Bb5 g6 4.Bxc6 dxc6 5.h3 Bg7 6.d3 e5 7.Be3 Qe7 8.a4 Nf6
9.Nbd2 O-O 10.Nc4 Nd7 11.Qd2 Nb8 12.Bh6 f6 13.Bxg7 Kxg7 14.Qe3 Na6 15.O-O Nc7
16.c3 Ne6 17.d4 cxd4 18.cxd4 exd4 19.Nxd4 Nxd4 20.Qxd4 Rd8 21.Qc3 Be6 22.e5 Bxc4
23.exf6+ Qxf6 24.Qxc4 Rd2 25.Ra3 Rf8 26.Rf3 Qd4 27.Qxd4+ Rxd4 28.Rxf8 Kxf8
29.b3 Ke7 30.Re1+ Kd6 31.Re3 a5 32.g4 b5 33.axb5 cxb5 34.Kg2 Rf4 35.Kg3 Rf7
36.f4 a4 37.bxa4 bxa4 38.Ra3 Ra7 39.Kf3 Kc5 40.f5 gxf5 41.gxf5 Kd6 42.Kf4 Ke7
43.Kg5 Kf7 44.f6 Ra8 45.Kh6 Ra5 46.Ra2 a3 47.h4 Kg8 48.Rg2+ Kf8 49.Kxh7 a2
50.Rg8+ Kf7  1/2-1/2

[Event "Pamplona9394"]
[Site "Pamplona"]
[Date "1993.??.??"]
[Round "5"]
[White "De la Villa Garcia, Jesus Maria"]
[Black "Franco Ocampo, Zenon"]
[Result "0-1"]
[WhiteElo "2440"]
[BlackElo "2480"]

1.e4 c5 2.Nf3 Nc6 3.Bb5 e6 4.O-O Nge7 5.b3 d6 6.Bb2 e5 7.Re1 a6 8.Bf1 g6
9.c3 Bg7 10.h3 O-O 11.d4 exd4 12.cxd4 d5 13.exd5 Nxd5 14.Na3 Ndb4 15.Qd2 Nxd4
16.Nxd4 Bxd4 17.Rad1 Be6 18.Qf4 Nd5 19.Qd2 Bxb2 20.Qxb2 Qf6 21.Qxf6 Nxf6
22.Bc4 Bxc4 23.Nxc4 b5 24.Na5 Rfd8 25.Kf1 Rac8 26.a4 bxa4 27.bxa4 Nd5 28.Rc1 Nb6
29.Re4 c4 30.Nxc4 Nxa4 31.Ra1 Nc3 32.Rf4 f5 33.Ne3 Rd2 34.g4 fxg4 35.hxg4 Rc6
36.Rc1 Rc5 37.Rb4 Ne4 38.Rb8+ Kg7 39.Rxc5 Nxc5 40.g5 Ne4 41.Rb7+ Kf8 42.Rxh7 Rxf2+
43.Ke1 Ra2 44.Ra7 Nxg5 45.Nd5 Nf3+ 46.Kd1 Rd2+  0-1

[Event "WchT U26"]
[Site "Paranana"]
[Date "1993.??.??"]
[Round "?"]
[White "Grosar, Aljosa"]
[Black "Manninen, Marko"]
[Result "1-0"]
[WhiteElo "2470"]
[BlackElo "2355"]

1.e4 c5 2.Nf3 Nc6 3.Bb5 e6 4.O-O Nge7 5.b3 a6 6.Bd3 Ng6 7.Re1 d6 8.Bf1 Be7
9.Bb2 Nge5 10.Nxe5 dxe5 11.a4 O-O 12.Na3 b6 13.Nc4 Bg5 14.Nxe5 Nxe5 15.Bxe5 Bxd2
16.Re2 Ba5 17.Re3 f6 18.Rd3 Qe8 19.Bd6 Rf7 20.e5 fxe5 21.Bxe5 Bb7 22.Qg4 g6
23.Rad1 Bd5 24.Rh3 Rf5 25.f4 c4 26.bxc4 Be4 27.Bd3 Bxd3 28.Rhxd3 Bb4 29.Rd7 Rf7
30.R7d3 Bf8 31.h4 Bg7 32.h5 gxh5 33.Qg5 h6 34.Qxh5 Bxe5 35.Qxe5 Rg7 36.Re1 Rc8
37.Rd6 Qg6 38.Re2 Rxc4 39.Rxe6 Qg4 40.Qd5 Rc5 41.Qd8+ Kh7 42.Qxb6 Rh5 43.Qd4 a5
44.Qe4+ Qf5 45.Re5 Qxe4 46.R2xe4 Rh4 47.Re7 Kg6 48.g3 Rh5 49.R7e6+ Kf7 50.Rc6 Rd5
51.Rxh6  1-0

[Event "WchT U26"]
[Site "Paranana"]
[Date "1993.??.??"]
[Round "?"]
[White "Grosar, Aljosa"]
[Black "Spangenberg, Hugo"]
[Result "1/2-1/2"]
[WhiteElo "2470"]
[BlackElo "2535"]

1.e4 c5 2.Nf3 Nc6 3.Bb5 g6 4.Bxc6 bxc6 5.O-O Bg7 6.Re1 e5 7.c3 Ne7 8.d4 cxd4
9.cxd4 exd4 10.Nxd4 O-O 11.Nc3 Bb7 12.Nb3 Qc7 13.Be3 Be5 14.f4 Bg7 15.Bc5 Rfe8
16.e5 Nd5 17.Nxd5 cxd5 18.Rc1 Bc6 19.Qd4 Qb8 20.Na5 Qd8 21.b4 a6 22.Bd6 Re6
23.Qf2 Rc8 24.Nb3 Re8 25.Nc5 Qb6 26.Nb3 Qd8 27.Rc5 f6 28.Rc3 Bb5 29.Nc5 Qb6
30.Qd4 fxe5 31.Qxd5+ Kh8 32.fxe5 a5 33.a3 axb4 34.axb4 Qa7 35.Qd4 Bc6 36.Rh3 Qa2
37.Qf2 Qd5 38.Rd3 Qc4 39.Rd4 Qc3 40.h3 Ra8 41.Qe3 Qb2 42.Qd2 Ra2 43.Qxb2 Rxb2
44.Rg4 Ra8 45.e6 dxe6 46.Nxe6 Re8  1/2-1/2

[Event "WchT U26"]
[Site "Paranana"]
[Date "1993.??.??"]
[Round "?"]
[White "Zarnicki, Pablo"]
[Black "Agamaliev, Djamil"]
[Result "1/2-1/2"]
[WhiteElo "2455"]
[BlackElo "2360"]

1.e4 c5 2.Nf3 Nc6 3.Bb5 e5 4.O-O Nge7 5.c3 g6 6.d4 cxd4 7.cxd4 exd4 8.Nxd4 Bg7
9.Be3 O-O 10.Nc3 d5 11.Bxc6 bxc6 12.exd5 Nxd5 13.Nxd5 Qxd5 14.Qb3 Qxb3 15.axb3 Bb7
16.Rfc1 Rfd8 17.Nxc6 Bxc6 18.Rxc6 Bxb2 19.Rb1 Bd4  1/2-1/2

[Event "WchT U26"]
[Site "Paranana"]
[Date "1993.??.??"]
[Round "?"]
[White "Hernandez, Yadira"]
[Black "Sammalvuo, Tapani"]
[Result "0-1"]
[WhiteElo "2140"]
[BlackElo "2270"]

1.e4 c5 2.Nf3 Nc6 3.Bb5 e6 4.O-O Nge7 5.c3 a6 6.Bxc6 Nxc6 7.d4 d5 8.e5 Be7
9.a3 c4 10.Nbd2 Bd7 11.Ne1 O-O 12.f4 f5 13.exf6 Bxf6 14.Ndf3 Be8 15.Qe2 Qd6
16.Ne5 Ne7 17.Nc2 Bg6 18.Nxg6 Nxg6 19.Be3 Rae8 20.Rae1 Qd7 21.Bc1 Bd8 22.g3 Nh8
23.Ne3 Nf7 24.Qg4 Re7 25.Qh5 Nd6 26.Ng4 Qe8 27.Qxe8 Rexe8 28.Ne5 Bf6 29.Re3 Bxe5
30.Rxe5 Rf5 31.Kf2 Ne4+ 32.Kf3 Ng5+ 33.Ke2 Nf7 34.Re3 Nd6 35.g4 Rff8 36.Re5 Nf7
37.Re3 h5 38.h3 Nh6 39.Rg3 Kf7 40.Kd1 hxg4 41.hxg4 Rh8 42.f5 exf5 43.g5 Ng8
44.Rxf5+ Kg6 45.Rgf3 Ne7 46.Re5 Nc6 47.Rxe8 Rxe8 48.Be3 Ne7 49.Kd2 Nf5 50.Bf4 Re6
51.Rf1 Nd6 52.Be5 Ne4+ 53.Kd1 Re7 54.Rf8 Rd7 55.Ke2 Nxg5 56.Ke3 Ne6 57.Re8 Kf5
58.Kf3 g5 59.Rh8 g4+ 60.Kg3 Ng5 61.Rh5 Rh7  0-1

[Event "WchT U26"]
[Site "Paranana"]
[Date "1993.??.??"]
[Round "?"]
[White "Estrada Nieto, Julian"]
[Black "Fernandez, R."]
[Result "1/2-1/2"]
[WhiteElo "2230"]
[BlackElo "2355"]

1.e4 c5 2.Nf3 Nc6 3.Bb5 e6 4.O-O Nge7 5.b3 Nd4 6.Nxd4 cxd4 7.c3 Nc6 8.Bb2 Bc5
9.Na3 O-O 10.Nc2 dxc3 11.dxc3 d5 12.exd5 exd5 13.c4 dxc4  1/2-1/2

[Event "Pardubice op"]
[Site "Pardubice"]
[Date "1993.??.??"]
[Round "1"]
[White "Hracek, Zbynek"]
[Black "Araslanov, Farid"]
[Result "1-0"]
[WhiteElo "2510"]
[BlackElo "2260"]

1.e4 c5 2.Nf3 Nc6 3.Bb5 e6 4.Bxc6 bxc6 5.b3 d6 6.e5 dxe5 7.Nxe5 Qg5 8.Nf3 Qxg2
9.Rg1 Qh3 10.Bb2 f6 11.Qe2 e5 12.Na3 Ne7 13.O-O-O Ng6 14.d4 cxd4 15.Nxd4 Bd7
16.Rg3 Qh6+ 17.Kb1 Be7 18.Ndb5 cxb5 19.Rxd7 a6 20.Bc1 Qxc1+ 21.Kxc1 Bxa3+
22.Kb1 Kxd7 23.b4 Rhc8 24.Rxa3 Rc4 25.Qf3 Rac8 26.Rxa6 Rxb4+ 27.Ka1  1-0

[Event "Pardubice op"]
[Site "Pardubice"]
[Date "1993.??.??"]
[Round "3"]
[White "Zetocha, Claudiu"]
[Black "Reinderman, Dimitri"]
[Result "1-0"]
[WhiteElo "2300"]
[BlackElo "2435"]

1.e4 c5 2.Nf3 Nc6 3.Bb5 g6 4.Bxc6 dxc6 5.d3 Bg7 6.h3 e5 7.Nc3 b6 8.Be3 f6
9.Qe2 Nh6 10.Nh2 Nf7 11.O-O O-O 12.a4 Be6 13.a5 Nd6 14.f4 exf4 15.Bxf4 Nb5
16.Nxb5 cxb5 17.axb6 Qxb6 18.Nf3 a5 19.Qd2 a4 20.Bh6 b4 21.Bxg7 Kxg7 22.c4 Rfd8
23.Qc2 Qc7 24.e5 Bf5 25.exf6+ Kxf6 26.Nh4 Rd4 27.Nxf5 gxf5 28.Rxa4 Rxa4 29.Qxa4 Qd7
30.Qd1 Rxd3 31.Qh5 Rg3 32.Qh6+ Rg6 33.Qf8+ Kg5 34.Qxc5 b3 35.Qe3+ Kf6 36.Qxb3 Rg5
37.Qb6+ Kg7 38.Qe3 h6 39.Re1 Kf8 40.Qc5+ Kf7 41.Qe5  1-0

[Event "Pardubice op"]
[Site "Pardubice"]
[Date "1993.??.??"]
[Round "4"]
[White "Kruszynski, Wlodzimierz"]
[Black "Menacher, Manfred"]
[Result "1-0"]
[WhiteElo "2390"]
[BlackElo "2280"]

1.e4 c5 2.Nf3 Nc6 3.Bb5 g6 4.O-O Bg7 5.c3 Nf6 6.e5 Nd5 7.d4 cxd4 8.cxd4 O-O
9.Nc3 Nc7 10.a4 d6 11.Bxc6 bxc6 12.h3 Rb8 13.Re1 h6 14.Qe2 Ne6 15.Be3 Qd7
16.Red1 Qb7 17.Rab1 a5 18.exd6 exd6 19.d5 Nc7 20.dxc6 Qxc6 21.Nd4 Qe8 22.Qd2 Rb4
23.Ndb5 Nxb5 24.Nxb5 Kh7 25.b3 Bxh3 26.gxh3 Qe6 27.Qxd6 Qxh3 28.Bd4 Rd8 29.Qxd8 Be5
30.f4 Qg3+ 31.Kf1 Qxf4+ 32.Bf2 Qf3 33.Nd4 Qh1+ 34.Ke2 Qe4+ 35.Be3 Bxd4 36.Rxd4 Qxb1
37.Rxb4 axb4 38.Qd5 Qc2+ 39.Kf3 Kg8 40.Qd8+ Kh7 41.Qd5 Kg8 42.a5 Qb1 43.Ke2 h5
44.Bd2 Qg1 45.a6 Qg4+ 46.Kd3 Qh3+ 47.Kc2 Qc8+ 48.Qc4 Qf5+ 49.Kc1 Qa5 50.Bxb4 Qa1+
51.Kd2 Qa2+ 52.Ke3 h4 53.Bc3  1-0

[Event "Pardubice op"]
[Site "Pardubice"]
[Date "1993.??.??"]
[Round "5"]
[White "Zetocha, Claudiu"]
[Black "Michenka, Jozef"]
[Result "1-0"]
[WhiteElo "2300"]
[BlackElo "2405"]

1.e4 c5 2.Nf3 Nc6 3.Bb5 g6 4.O-O Bg7 5.c3 a6 6.Bxc6 dxc6 7.d4 cxd4 8.cxd4 Bg4
9.Nbd2 Nf6 10.Re1 O-O 11.h3 Be6 12.Nb3 b6 13.Bf4 Rc8 14.Qd2 a5 15.Rad1 Qd7
16.Ne5 Qb7 17.Bh6 Rfd8 18.Nc1 Nd7 19.Nf3 Nf8 20.Bxg7 Kxg7 21.Qe3 a4 22.Nh4 Ra8
23.f4 f6 24.f5 Bc8 25.Nd3 Qd7 26.Nf2 e6 27.Ng4 g5 28.fxe6 Qxe6 29.Nf5+ Kh8
30.h4 Qf7 31.hxg5 Qg6 32.Nxf6 Bxf5 33.exf5 Qxf5 34.d5  1-0

[Event "Pardubice op"]
[Site "Pardubice"]
[Date "1993.??.??"]
[Round "7"]
[White "Shtyrenkov, Veniamen"]
[Black "Araslanov, Farid"]
[Result "1-0"]
[WhiteElo "2435"]
[BlackElo "2260"]

1.e4 c5 2.Nf3 Nc6 3.Bb5 Qb6 4.a4 a6 5.Bxc6 Qxc6 6.Nc3 Nf6 7.Qe2 e6 8.a5 d6
9.d3 b5 10.axb6 Nd7 11.Nd5 Nxb6 12.Nxb6 Qxb6 13.Nd2 Be7 14.Nc4 Qc6 15.Qg4 O-O
16.Bh6 Bf6 17.O-O Kh8 18.Bg5 e5 19.Qg3 Bxg5 20.Qxg5 f6 21.Qh4 Be6 22.Ne3 a5
23.f4 c4 24.f5 Bg8 25.dxc4 Qb6 26.Qf2 Qxb2 27.Qd2 Rfb8 28.Ra4 Qb6 29.Rfa1 Qc6
30.Qd3 Rb1+ 31.Rxb1 Qxa4 32.Qxd6 Qe8 33.Nd5 Qf7 34.Ra1 Qa7+ 35.Qb6 a4 36.Qxa7 Rxa7
37.c5  1-0

[Event "Pardubice op"]
[Site "Pardubice"]
[Date "1993.??.??"]
[Round "9"]
[White "Bogumil, Pavel"]
[Black "Bronznik, Valerij"]
[Result "1-0"]
[WhiteElo "2355"]
[BlackElo "2250"]

1.e4 c5 2.Nf3 Nc6 3.Bb5 g6 4.Bxc6 bxc6 5.O-O Bg7 6.Re1 f6 7.c3 Nh6 8.d4 cxd4
9.cxd4 Nf7 10.Nc3 O-O 11.Bf4 d6 12.Rc1 Qb6 13.b3 Bd7 14.Qd3 Qb7 15.Na4 Rad8
16.Qc4 Kh8 17.e5 fxe5 18.dxe5 c5 19.exd6 Nxd6 20.Bxd6 exd6 21.Re7 Qb5 22.Qh4 h5
23.Qg5 Qd3 24.Nh4 Kh7 25.Nb2 Qd4 26.Qxg6+ Kg8 27.Nd3 Qf6 28.Rce1 Qxg6 29.Nxg6 Rfe8
30.Ndf4 Rxe7 31.Nxe7+ Kf7 32.Ned5 Be5 33.Nxh5 a5 34.Ng3 Bc6 35.Ne7 Bd7 36.Nd5 a4
37.Nb6 axb3 38.axb3 Be6 39.Nc4 Bd4 40.Ne2 Bf6 41.Nf4 Bf5 42.Nd5 Bd4 43.Re7+ Kg6
44.Nce3 Ra8 45.g4 Bd3 46.Nf4+ Kf6 47.Ned5+  1-0

[Event "Pardubice op"]
[Site "Pardubice"]
[Date "1993.??.??"]
[Round "9"]
[White "Dmitriev, Igor"]
[Black "Fominyh, Alexander"]
[Result "0-1"]
[WhiteElo "2405"]
[BlackElo "2515"]

1.e4 c5 2.Nf3 Nc6 3.Bb5 Qc7 4.O-O a6 5.Bxc6 Qxc6 6.Re1 e6 7.b3 b5 8.Bb2 Nf6
9.d3 Be7 10.c4 d6 11.e5 dxe5 12.Nxe5 Qc7 13.Qf3 Bb7 14.Qh3 bxc4 15.dxc4 Rd8
16.Nc3 O-O 17.Re2 Rd4 18.Rae1 Ne8 19.Nf3 Rd3 20.Nd5 Rxd5 21.cxd5 Bxd5 22.Nd2 Qb7
23.Qg3 Bd6 24.Be5 Bxe5 25.Rxe5 Nd6 26.Qd3 g6 27.f3 Nf5 28.Rc1 Qb6 29.Kh1 Qb4
30.Ree1 Qd4 31.Qc3 Qf2 32.Ne4 Bxe4 33.fxe4 Nh6 34.Qe3 Ng4 35.Qe2 Qh4 36.h3 h5
37.Kg1 Ne5 38.Rxc5 Nd3 39.Qxd3 Qxe1+ 40.Kh2 Qf2 41.Ra5 Qf4+ 42.Qg3 Qxe4 43.Rxh5 Rc8
44.Re5 Qd4 45.Re2 Rc5 46.Rf2 Kg7 47.Qf4 Qxf4+ 48.Rxf4 f5 49.Ra4 Rc6 50.Ra5 Kf6
51.b4 e5 52.a4 e4 53.b5 axb5 54.Rxb5 Rc1 55.Rb6+ Kg5 56.g3 Ra1 57.Ra6 Kh5
58.Ra5 Kg5 59.Ra6 Kh5 60.Ra5 Kh6 61.Kg2 Ra2+ 62.Kg1 Kg7 63.Ra7+ Kf6 64.Ra6+ Ke5
65.Rxg6 e3 66.Kf1 Ke4 67.Rf6 Ra1+ 68.Ke2 Ra2+ 69.Kf1 Rxa4 70.h4 Ra1+ 71.Ke2 Ra2+
72.Kf1 Rf2+ 73.Kg1 f4  0-1

[Event "Paris-ch"]
[Site "Paris"]
[Date "1993.??.??"]
[Round "5"]
[White "Boudre, Jean Pierre"]
[Black "Ragozin, Evgeni"]
[Result "1/2-1/2"]
[WhiteElo "2380"]
[BlackElo "2510"]

1.e4 c5 2.Nf3 Nc6 3.Bb5 g6 4.Bxc6 dxc6 5.d3 Bg7 6.Nc3 Bg4 7.h3 Bxf3 8.Qxf3 Nf6
9.O-O Nd7 10.Qe2 Nf8 11.f4 Ne6 12.f5 Nd4 13.Qf2 O-O 14.Bg5 f6 15.Be3 e6 16.Kh1 b6
17.b4 cxb4 18.Bxd4 bxc3 19.Bxc3 exf5 20.exf5 Qd5 21.a4 Qxf5 22.Qxf5 gxf5
23.Rxf5 Rae8 24.Kg1 Re2 25.Rf2 Rfe8 26.Kf1 Rxf2+ 27.Kxf2 f5 28.Bxg7 Kxg7
29.Ra3 Kf6 30.Rc3 c5 31.a5 Ke5 32.axb6 axb6 33.Rc4 Re7 34.g4 Rg7 35.Kf3 fxg4+
36.hxg4 Kd5 37.Rf4 Re7 38.c4+ Kc6 39.Rf6+ Kb7 40.Rd6 Ka6 41.g5 Ka5 42.g6 hxg6
43.Rxg6 b5 44.cxb5 Kxb5 45.Rg4  1/2-1/2